Comment s'appelle ce personnage publicitaire? - Statistiques

Statistiques générales
  • Ce quiz a été pris 119 fois
  • Le résultat moyen est 10 sur 20
Statistiques - réponses
Par images Réponse % Correct
Monsieur Propre
98%
Bibbendum
92%
Géant Vert
84%
La Laitière
84%
Pépito
75%
Ronald McDonald
65%
Duracel
64%
Cerise
63%
Pops
63%
Ramon Tafraise
61%
Ramsès
58%
Tony le Tigre
48%
Rouge
45%
Captain Iglo
30%
Quicky
16%
Bison Futé
15%
Germaine
4%
Le Petit Mineur
3%
Cetelem
2%
Schoki
1%
Aucun quiz correspondant
Distribution des résultats
% des personnes avec chaque résultat
Percentile par nombre de réponses
Votre historique - résultats
Vous n’avez pas pris ce quiz